Erlebte Geschichte : (Titelsatznr. 48376)
[ MARC ]
| 000 -Satzkennung | |
|---|---|
| Kontrollfeld mit fester Länge | 00752nam a22002531c 4500 |
| 001 - Kontrollnummer | |
| Kontrollfeld | a987688751 |
| 008 - Feld mit fester Länge zur physischen Beschreibung - Allgemeine Angaben | |
| Kontrollfeld mit fester Länge | 171127s1986 gw a||| 000u ger d |
| 020 ## - Internationale Standardbuchnummer | |
| Internationale Standardbuchnummer | 3880127247 |
| Verknüpfung | 3-88012-724-7 |
| 041 ## - Sprachcode | |
| Sprachcode des Textes/der Tonspur oder des separaten Titels | ger |
| 040 ## - Katalogisierungsquelle | |
| Übertragungsstelle | RU-10907106 |
| 003 - Kontrollnummer Identifier | |
| Kontrollfeld | RU-10907106 |
| 100 1# - Haupteintragung - Personenname | |
| Personenname | Berežkov, Valentin M. |
| 245 00 - Titel | |
| Titel | Erlebte Geschichte : |
| Zusatz zum Titel | 1940 - 1943 ; Dolmetscher und Diplomat gegen Faschismus und Krieg / |
| Verfasserangabe etc. | Valentin M. Bereshkow |
| 264 ## - Produktion, Veröffentlichung, Distribution, Herstellung und Urheberrechtsvermerk | |
| Herstellungs-, Veröffentlichungs- Vertriebs-, Erzeugungsort | Frankfurt am Main : |
| Produzent, Herausgeber, Distributor, Hersteller | Marxist. Blätter, |
| Datum der Herstellung, der Veröffentlichung, des Vertriebs oder des Urheberschutzvermerks | 1986 |
| 300 ## - Physische Beschreibung | |
| Umfang | 248 S. : Ill |
| 490 #0 - Gesamttitelangabe | |
| Gesamttitelangabe | Marxistische Paperbacks |
| Bandnummer/Folgebezeichnung | 119 |
| 650 #0 - Nebeneintragung unter einem Schlagwort - Sachschlagwort | |
| Sachschlagwort oder geografischer Name als Eintragungselement | Krieg |
| 650 #0 - Nebeneintragung unter einem Schlagwort - Sachschlagwort | |
| Sachschlagwort oder geografischer Name als Eintragungselement | Außenbeziehung |
| 650 #0 - Nebeneintragung unter einem Schlagwort - Sachschlagwort | |
| Sachschlagwort oder geografischer Name als Eintragungselement | Diplomatische Beziehungen |
| 651 #0 - Nebeneintragung unter einem Schlagwort - Geografischer Name | |
| Geografischer Name | Deutschland |
| 651 #0 - Nebeneintragung unter einem Schlagwort - Geografischer Name | |
| Geografischer Name | Sowjetunion |
| 655 #0 - Indexierungsterm - Genre/Form | |
| Genre/Form oder fokussierter Term | Erlebnisbericht |
| 942 ## - Zusätzliche Felder (Koha) | |
| Koha-Medientyp | Monographien |
| Ausgeschieden | Verloren | Klassifikation oder Aufstellungssystematik | Beschädigt | Nicht entleihbar | Heimatbibliothek | Aufenthaltsbibliothek | Aufstellungsort | Erwerbungsdatum | Inventarnummer | Signatur | Barcode | Letzte Aktivität | Preis gültig von | Koha-Medientyp |
|---|---|---|---|---|---|---|---|---|---|---|---|---|---|---|
| Andere/Generische Klassifikation | MWN Osteuropa | MWN Osteuropa | Magazin - 2 | 27/11/2017 | 17-04683 Ersatzß | R 63 c Ber 2 | E004015078FCE4CD | 23/02/2021 | 22/03/2021 | Monographien |